| 000 | 00915cam a2200217 4500 | ||
|---|---|---|---|
| 001 | WB3830-06 | ||
| 008 | 020813n2002 000 0 eng u | ||
| 035 | _a(Sirsi) u119311 | ||
| 245 | _aEasing of subcontracting rules | ||
| 260 | _c2002 | ||
| 490 |
_aHousing Today _v(296) 8 August 2002, 1(1) |
||
| 520 | _aThe Private Finance Initiative is to be changed to make it easier for councils to form partnerships with private companies. A consultation paper on the proposals recommends amendments to Housing Act 1985 s27 to allow successful PFI bidders to subcontract some work making it easier for councils to go into partnership with the private sector. | ||
| 590 | _aWB | ||
| 650 | _aPFI | ||
| 650 | _aCONSULTATION PAPER | ||
| 650 | _aHOUSING ACT 1985 S27 | ||
| 650 | _aSUBCONTRACTING RULES | ||
| 650 | _aHOUSING MANAGEMENT | ||
| 690 | _aMANAGEMENT-BUSINESS MANAGEMENT-FINANCIAL MANAGEMENT | ||
| 942 | _n0 | ||
| 999 |
_c70933 _d70933 |
||